|
|
|
|
| LEADER |
00000nab a2200000 a 4500 |
| 001 |
vtls000419441 |
| 003 |
SK-MaSNL |
| 005 |
20260302235056.0 |
| 008 |
120925c1989 xo 0 slo |
| 015 |
|
|
|a SNBRA19rr/mm-uuuuu
|
| 035 |
|
|
|a CL0419569
|
| 040 |
|
|
|a SNKBUCL
|b slo
|c SNKBUCL
|e AACR2
|
| 041 |
0 |
|
|a slo
|
| 044 |
|
|
|a xo
|c SK
|
| 080 |
|
|
|a 658.51.012.4.001.76
|2 1981
|
| 100 |
1 |
|
|a Štefánik, Ján
|4 aut
|9 269321
|
| 245 |
1 |
0 |
|a Niektoré aspekty úspešnosti inovačnej aktivity
|c Ján Štefánik
|
| 300 |
|
|
|b Res. slov., angl., nem., rus., lit. 2 zázn. v slov.
|
| 650 |
0 |
7 |
|a výroba
|2 snkbucl
|9 15916
|
| 650 |
0 |
7 |
|a riadenie
|2 snkbucl
|9 924
|
| 650 |
0 |
7 |
|a inovácia
|2 snkbucl
|9 319141
|
| 655 |
|
7 |
|a články zo zborníkov
|2 snkbucl
|9 166140
|
| 773 |
0 |
|
|t Práce a štúdie Vysokej školy dopravy a spojov v Žiline. Séria strojnícka. Zväzok 19
|d Bratislava : Alfa, 1989
|g S. 143-148
|
| 850 |
|
|
|a Slovenská národná knižnica v Martine
|a MTA001
|
| 852 |
|
|
|a SNK
|b KIS3GCP
|
| 958 |
|
|
|a RK
|
| 992 |
|
|
|a RZB
|
| 999 |
|
|
|c 1553055
|d 1554985
|